000 01057nam0a2200301 4500
001 RU\NLR\bibl\1214666
005 20250615105652.0
010 _a978-5-17-032913-7
_bАСТ
010 _a978-5-271-11495-3
_95000
_bАстрель
021 _aRU
_b2008-13731
_9746
035 _a(NLR Aleph) 001201064
090 _a1775050
_c1775050
100 _a20080414d2007 |||y0rusy50 ca
101 1 _arus
_ceng
102 _aRU
105 _ay |||||||||
200 1 _aСекреты стиля знаменитостей
_eруководство по основам безупречной внешности
_fЖаки Риплей
_g[пер. с англ. Н. Брызгаловой]
210 _aМосква
_cАСТ
_cАстрель
_d2007
215 _a191 с.
_d20
606 1 _aЖенщины
_xОбраз жизни
_92247458
_3RU\NLR\auth\661348259
686 _aС550.535
686 _aР120.4
700 1 _aРиплей
_bЖ.
_gЖаки
_4070
801 0 _aRU
_bNLR
_c20080414
_gRCR
801 1 _aRU
_bNLR
_c20080414
942 _cBOOK
980 _aNB